National animals - Statistics

General Stats
  • This quiz has been taken 11 times
  • The average score is 11 of 16
Answer Stats
Hint Answer % Correct
Beaver(C) Canada
90%
Unicorn(S) Scotland
90%
Spring Bok(S) South Africa
90%
Giraffe(T) Tanzania
90%
Dragon(W) Wales
90%
Mute swan(D) Denmark
80%
Andean condor(E) Ecuador
80%
Peacock(I) India
80%
Oryx(Q) Qatar
80%
Lion(E) England
70%
Brown bear(F) Finland
70%
Striped hyena(L) Lebanon
50%
Harpy eagle(P) Panama
50%
Pine Martin (C) Czechia
40%
White tailed deer(C) Costa Rica
30%
Trogan (C) Cuba
30%
No matching quizzes found
Score Distribution
Percent of People with Each Score
Percentile by Number Answered
Your Score History
You have not taken this quiz